MARC

LEADER 00000nam0a2200000 4500
001 73930
005 20231031084823.0
010 |a 5274000037 
035 |a (RuTPU)RU\TPU\book\78863 
090 |a 73930 
100 |a 20050224d1988 m y0rusy50 ca 
101 0 |a rus 
102 |a RU 
105 |a a j 001zy 
200 1 |a Охрана окружающей среды  |e учебное пособие  |f И. Ф. Ливчак, Ю. В. Воронов 
210 |a Москва  |c Стройиздат  |d 1988 
215 |a 191 с.  |c ил. 
320 |a Библиогр.: с. 186-187. 
320 |a Предметный указатель: с. 187-190. 
610 1 |a экология 
610 1 |a охрана 
610 1 |a природа 
610 1 |a загрязнение 
610 1 |a воздух 
610 1 |a водоемы 
610 1 |a техногенные загрязнения 
610 1 |a уменьшение 
610 1 |a отходы 
610 1 |a отходы промышленные 
610 1 |a контроль 
610 1 |a учебные пособия 
610 1 |a окружающая среда 
675 |a 504.06(075)  |v 3 
700 1 |a Ливчак  |b И. Ф.  |g Иосиф Федорович 
701 1 |a Воронов  |b Ю. В.  |g Юрий Викторович 
801 1 |a RU  |b 63413507  |c 20050224  |g PSBO 
801 2 |a RU  |b 63413507  |c 20171018  |g PSBO 
942 |c BK